Statistics for 100 Most Populated Cities In Oregon

Click here to take the quiz!

General Stats

  • This quiz has been taken 499 times
    (487 since last reset)
  • The average score is 42 of 100

Answer Stats

Answer% Correct
583,776Portland
100%
154,637Salem
98%
156,185Eugene
97%
76,639Bend
90%
89,803Beaverton
88%
54,462Corvallis
87%
74,907Medford
86%
9,477Astoria
82%
91,611Hillsboro
81%
105,594Gresham
77%
9,989Newport
71%
48,035Tigard
71%
50,158Albany
69%
31,859Oregon City
69%
13,630The Dalles
69%
15,967Coos Bay
69%
59,403Springfield
68%
20,840Klamath Falls
67%
20,078Ashland
67%
36,619Lake Oswego
66%
26,215Redmond
66%
34,533Grants Pass
65%
7,930Lincoln City
64%
7,167Hood River
63%
26,054Tualatin
63%
6,457Seaside
62%
21,181Roseburg
62%
32,187McMinnville
60%
16,612Pendleton
59%
36,478Keizer
56%
4,935Tillamook
55%
9,828Baker City
52%
15,962Troutdale
51%
11,366Ontario
51%
14,583Dallas
50%
20,291Milwaukie
50%
22,068Newberg
49%
24,080Woodburn
49%
19,509Wilsonville
49%
2,806Burns
48%
13,082La Grande
48%
9,253Prineville
47%
6,046Madras
46%
8,466Florence
46%
21,083Forest Grove
46%
25,109West Linn
46%
18,194Sherwood
45%
9,695North Bend
44%
9,686Cottage Grove
43%
15,518Lebanon
43%
9,570Sandy
42%
6,336Brookings
42%
15,829Canby
40%
12,883St Helens
39%
16,745Hermiston
38%
8,925Sweet Home
33%
6,906Umatilla
32%
4,154Reedsport
31%
13,903Happy Valley
30%
5,392Junction City
29%
9,534Monmouth
28%
9,222Silverton
27%
17,169Central Point
27%
4,989Warrenton
26%
10,539Damascus
26%
6,592Scappoose
25%
11,497Gladstone
24%
3,162Dundee
23%
7,810Sutherlin
22%
7,644Stayton
22%
11,869Cornelius
22%
2,785Jacksonville
21%
4,584Philomath
21%
5,031Creswell
21%
4,538Phoenix
21%
8,108Molalla
20%
3,866Coquille
18%
6,066Talent
18%
3,220Boardman
17%
8,469Eagle Point
16%
8,590Independence
16%
3,098Jefferson
16%
4,561Veneta
15%
3,567Harrisburg
15%
7,050Milton-Freewater
14%
8,920Fairview
13%
6,127Sheridan
13%
5,379Winston
13%
3,439Myrtle Creek
12%
3,286Mount Angel
12%
3,205Oakridge
12%
3,111King City
10%
3,267Nyssa
10%
3,465Toledo
9%
3,742Lafayette
9%
3,173Hubbard
9%
3,878Wood Village
9%
3,584Aumsville
8%
3,066Brandon
8%
2,904Shady Cove
5%

Score Distribution

Percentile by Number Answered

Percent of People with Each Score

Your Score History

You have not taken this quiz since the last reset